Statistics for Coaches winner of the football world cup

Click here to take the quiz!

General Stats

  • This quiz has been taken 14 times
  • The average score is 6 of 22

Answer Stats

EditionCoach of the winner team% Correct
Brazil 2014Joachim Löw
92%
Russia 2018Didier Deschamps
85%
Italy 1990Franz Beckenbauer
69%
South Africa 2010Vicente del Bosque
69%
Japan/South Korea 2002Luiz Felipe Scolari
54%
Germany 2006Marcello Lippi
54%
Qatar 2022Lionel Scaloni
46%
Mexico 1970Mário Zagallo
31%
France 1998Aimé Jacquet
23%
England 1966Alf Ramsey
23%
Argentina 1978César Luis Menotti
23%
Usa 1994Carlos Alberto Parreira
15%
Spain 1982Enzo Bearzot
15%
Chile 1962Aymoré Moreira
8%
Mexico 1986Carlos Bilardo
8%
West Germany 1974Helmut Schön
8%
Switzerland 1954Sepp Herberger
8%
Italy 1934Vittorio Pozzo
8%
France 1938Vittorio Pozzo
8%
Uruguay 1930Alberto Horacio Suppici
0%
Brazil 1950Juan López Fontana
0%
Sweden 1958Vicente Feola
0%

Score Distribution

Percentile by Number Answered

Percent of People with Each Score

Your Score History

You have not taken this quiz